University Home | Library Home | Institutional Repository

The observation and analysis of stellar photospheres / (Record no. 79280)

MARC details
000 -LEADER
fixed length control field 00765cam7a220024100 4500
001 - CONTROL NUMBER
control field lce01019206
008 - FIXED-LENGTH DATA ELEMENTS--GENERAL INFORMATION
fixed length control field 750612s1976 nyu b 001 0 eng
010 ## - LIBRARY OF CONGRESS CONTROL NUMBER
LC control number 75019229
020 ## - INTERNATIONAL STANDARD BOOK NUMBER
International Standard Book Number 0471323802
035 ## - SYSTEM CONTROL NUMBER
System control number (Sirsi) r86359
035 ## - SYSTEM CONTROL NUMBER
System control number (DLC) 75019229
035 ## - SYSTEM CONTROL NUMBER
System control number (UPRA)lce01019206
050 0# - LIBRARY OF CONGRESS CALL NUMBER
Classification number QB809
Item number .G67
082 ## - DEWEY DECIMAL CLASSIFICATION NUMBER
Classification number 523.8/2
100 1# - MAIN ENTRY--PERSONAL NAME
Personal name Gray, David F., 1938-
Dates associated with a name Gray, David F., 1938-
Linkage A45736.1
245 14 - TITLE STATEMENT
Title The observation and analysis of stellar photospheres /
Statement of responsibility, etc. David F. Gray.
260 ## - PUBLICATION, DISTRIBUTION, ETC.
Place of publication, distribution, etc. New York :
Name of publisher, distributor, etc. Wiley,
Date of publication, distribution, etc. c1976.
500 ## - GENERAL NOTE
General note "A Wiley-Interscience publication."
504 ## - BIBLIOGRAPHY, ETC. NOTE
Bibliography, etc. note Includes bibliographies and index.
650 #0 - SUBJECT ADDED ENTRY--TOPICAL TERM
Topical term or geographic name entry element Stellar photospheres.
Linkage S35485.1
949 ## - LOCAL PROCESSING INFORMATION (OCLC)
a QB809
w lcc
i -120027
m MAIN
t BOOK
l ON-SHELF

No items available.

© 2026 - The University of Zambia Library - Koha v25.11